000
00511nam a2200157Ia 4500
008
151213s9999 xx 000 0 und d
100
_a
বুদ্ভদেব বসও
245
_a
শ্রেষ্ঠ কবিতা
_c
বুদ্ভদেব বসও
250
_a
১ম সং
260
_a
ঊঢাকা
_b
নির্মলেন্দু পাল
_c
2003
300
_a
8328 p.
650
_a
Bangla
650
_a
কবিতা
700
_a
বুদ্ভদেব বসও
999
_c
4170
_d
4170